Online
Catalog

El vicario de Wakefield / (Record no. 4168)

MARC details
000 -CABECERA
campo de control de longitud fija 00663cam a2200205 a 4500
001 - NÚMERO DE CONTROL
campo de control 000004359
005 - FECHA Y HORA DE LA ÚLTIMA TRANSACCIÓN
campo de control 20200929151430.0
008 - DATOS DE LONGITUD FIJA--INFORMACIÓN GENERAL
campo de control de longitud fija 840920s1972 sp 000 f spa d
040 ## - FUENTE DE LA CATALOGACIÓN
Centro catalogador/agencia de origen DO-SdBNP
Lengua de catalogación spa
Centro/agencia transcriptor BNPHU
082 ## - NÚMERO DE LA CLASIFICACIÓN DECIMAL DEWEY
Número de clasificación 823.64
Número de documento/Ítem G624v
100 1# - ENTRADA PRINCIPAL--NOMBRE DE PERSONA
Nombre de persona Goldsmith, Oliver,
Fechas asociadas al nombre 1730?-1774.
9 (RLIN) 12845
245 13 - MENCIÓN DE TÍTULO
Título El vicario de Wakefield /
Mención de responsabilidad, etc. Oliver Goldsmith ; traducción de Joaquín Bollo.
260 ## - PUBLICACIÓN, DISTRIBUCIÓN, ETC.
Lugar de publicación, distribución, etc. Madrid :
Nombre del editor, distribuidor, etc. Doncel,
Fecha de publicación, distribución, etc. 1972.
300 ## - DESCRIPCIÓN FÍSICA
Extensión 158 p. ;
Dimensiones 18 cm.
490 1# - MENCIÓN DE SERIE
Mención de serie Libro joven de bolsillo
Designación de volumen o secuencia 26
650 #4 - PUNTO DE ACCESO ADICIONAL DE MATERIA--TÉRMINO DE MATERIA
Término de materia o nombre geográfico como elemento de entrada Novela inglesa
9 (RLIN) 1071
650 #4 - PUNTO DE ACCESO ADICIONAL DE MATERIA--TÉRMINO DE MATERIA
Término de materia o nombre geográfico como elemento de entrada Literatura inglesa
9 (RLIN) 498
700 1# - PUNTO DE ACCESO ADICIONAL--NOMBRE DE PERSONA
Nombre de persona Bollo, Joaquín,
Término indicativo de función/relación tr.
9 (RLIN) 12846
830 #0 - PUNTO DE ACCESO ADICIONAL DE SERIE-TÍTULO UNIFORME
Título uniforme Libro joven de bolsillo
Designación de volumen o secuencia 26
9 (RLIN) 12847
Holdings
Estado de retiro Estado de pérdida Restricciones de uso No para préstamo Código de colección Localización permanente Ubicación/localización actual Ubicación en estantería Fecha de adquisición Número de inventario Total de préstamos Signatura topográfica completa Código de barras Fecha visto por última vez Número de copia Precio válido a partir de Tipo de ítem Koha
  Extraviado     Monografías: Libros y Folletos General General Extraviado 04.04.2014 LF1   823.64 G624v 4359-50 25.06.2020 e. 5 25.06.2020 Préstamo en sala
      Excluido de préstamo Monografías: Libros y Folletos General General Depósito 21.07.2009 LF1   823.64 G624v 4359-10 25.06.2020   25.06.2020 No se presta
      Excluido de préstamo Monografías: Libros y Folletos General General Depósito 21.07.2009 LF1   823.64 G624v 4359-20 25.06.2020 e. 2 25.06.2020 No se presta
  Extraviado     Monografías: Libros y Folletos General General Extraviado 21.07.2009 LF1   823.64 G624v 4359-30 25.06.2020 e. 3 25.06.2020 Préstamo en sala
  Extraviado     Monografías: Libros y Folletos General General Extraviado 24.01.2012 LF1   823.64 G624v 4359-40 25.06.2020 e. 4 25.06.2020 Préstamo en sala

Powered by Koha